Culture Générale - Série 899 - Statistiques

Statistiques générales
  • Ce quiz a été pris 135 fois
  • Le résultat moyen est 5 sur 10
Statistiques - réponses
Question Réponse % Correct
De quel fruit la louise-bonne est-elle une variété ? poire
83%
Quel était le prénom usuel du peintre français Courbet ? Gustave
72%
En 1966, quel vêtement, créé par Mary Quant, suscite la polémique en France ? minijupe
69%
Dans le monde de la finance, comment appelle-t-on la part des bénéfices attribuée, périodiquement, aux actionnaires d'une société ? dividende
68%
En 1989, dans quel pays Carlos Menem est-il élu président ? Argentine
55%
Qui est la réalisatrice, prénommée Agnès, du film, “Sans toit ni loi”, avec Sandrine Bonnaire ? Agnès Varda
53%
Quel célèbre quartier parisien, fréquenté par de nombreux intellectuels, Juliette Gréco et Dany Brillant ont-ils chanté ? Saint-Germain-des-Prés
41%
En 1972, qui a lancé l'émission de télévision "Le grand échiquier" ? Jacques Chancel
31%
À quel chanteur et compositeur doit-on la chanson “Suzanne”, interprétée pour la première fois par Judy Collins ? Leonard Cohen
19%
Quelle nationalité Rudolf Noureïev a-t-il obtenue en 1982 ? Autrichienne
13%
Aucun quiz correspondant
Distribution des résultats
% des personnes avec chaque résultat
Percentile par nombre de réponses
Votre historique - résultats
Vous n’avez pas pris ce quiz